00271cam a22000857a 4500008004000000245007700040260004100117300000900158700001800167180718b1995 xxu||||| |||| 00| 0 eng d aSmast vishw ko Bharat ke ajastr anudaan (Hindi)cedited by Brahamvarchas aMathurabAkhand Jyoti Sansthanc1995 av.p. aBrahamvarchas